00270pab a2200121 454500008004000000100002200040245002800062260000900090300001300099362001000112650001100122773001500133180718b2010 xxu||||| |||| 00| 0 eng d aShahabuddin, Syed aTribal areas in ferment c2010 ap.19-22. a3 Jul aTribes aMainstream